Joueurs brésiliens ayant joué à Manchester City - Statistiques

Statistiques générales
  • Ce quiz a été pris 42 fois
  • Le résultat moyen est 7 sur 18
Statistiques - réponses
Année d'arrivée Année de départ Club précédant Club suivant Nombre de match Joueurs % Correct
2013 2022 Shakhtar Donetsk CA Paranaense 383 Fernandinho
89%
2024 En cours ESTAC Troyes En cours 76 Savinho
84%
2017 2022 SE Palmeiras Arsenal FC 236 Gabriel Jesus
78%
2017 2025 SL Benfica Fenerbahce 372 Ederson
76%
2017 2019 Real Madrid Juventus Turin 60 Danilo
65%
2014 2017 FC Porto Galatasaray 102 Fernando
62%
2008 2010 Real Madrid AC Milan 53 Robinho
62%
2017 2019 CR Vasco de Gama Aston Villa 0 Douglas Luiz
41%
2012 2013 Inter Milan AS Rome 13 Maicon
32%
2025 En cours SE Palmeiras En cours 4 Vitor Reis
30%
2008 2011 CSKA Moscou SC Internacional 42
22%
2020 2025 Coritiba FC Borussia Dortmund 0 Yan Couto
19%
2007 2009 Shakhtar Donetsk Galatasaray 80 Elano
11%
2021 En cours Fluminense FC En cours 2 Kayky
11%
2009 2010 FC Barcelone Fin de carrière 15 Sylvinho
11%
2007 2008 Cruzeiro EC Hull City 23 Geovanni
3%
2008 2009 1.FC Nuremberg AD São Caetano 1 Gláuber
3%
2021 2023 Grêmio FBPA U20 EC Bahia 0 Diego Rosa
0%
Aucun quiz correspondant
Distribution des résultats
% des personnes avec chaque résultat
Percentile par nombre de réponses
Votre historique - résultats
Vous n’avez pas pris ce quiz